Biología, administración, producción y comercialización de Jibia, Dosidicus gigas
Saved in:
| Format: | Book |
|---|---|
| Language: | Spanish |
| Published: |
Valparaíso
Pontificia Universidad Católica de Valparaíso
2005
|
| Subjects: | |
| Tags: |
Add Tag
No Tags, Be the first to tag this record!
|
MARC
| LEADER | 00000nam a2200000 a 4500 | ||
|---|---|---|---|
| 001 | UCJ1942 | ||
| 003 | CL-VaPUC | ||
| 005 | 20221213074623.0 | ||
| 008 | 061124e20050000cl 1 spa d | ||
| 999 | |c 384206 |d 384204 | ||
| 040 | |c Pontificia Universidad Católica de Valparaíso | ||
| 082 | 0 | 4 | |a 639.2 BIO 2005 |2 21 |
| 245 | 1 | 0 | |a Biología, administración, producción y comercialización de Jibia, Dosidicus gigas |
| 260 | |a Valparaíso |b Pontificia Universidad Católica de Valparaíso |c 2005 | ||
| 300 | |a paginación irregular | ||
| 500 | |a Incluye un Cd-Rom y un Dvd | ||
| 518 | |p Seminario Internacional Biología Administración Producción y Comercialización de Jibia, 1, Valparaíso, 3 y 4 de octubre de 2005 | ||
| 546 | |a En Español | ||
| 583 | |k Rodrigo Vera |c 20200520 | ||
| 650 | 0 | 0 | |a Pesca artesanal |9 261256 |
| 650 | 0 | 0 | |a Industria pesquera |9 255432 |
| 650 | 0 | 7 | |a JIBIA |2 CL-VaPUC |9 620892 |
| 650 | 0 | 7 | |a METODOS DE PESCA |2 CL-VaPUC |9 261501 |
| 650 | 0 | 0 | |a Comercialización |9 259326 |
| 650 | 0 | 7 | |a DOSIDICUS GIGAS |2 CL-VaPUC |9 620893 |
| 942 | |c BK |2 ddc | ||
| 945 | |a cmena |d 20061124 00:00:00 | ||
| 952 | |0 0 |1 0 |2 ddc |4 0 |6 639_200000000000000_BIO_2005 |7 0 |8 X |9 506813 |a BIBRNT |b BIBRNT |d 2020-01-23 |i 4285891 |o 639.2 BIO 2005 |p 4285891 |r 2020-01-23 |t 1 |w 2020-01-23 |y BK_X |k CIM | ||